00985nam a2200253 a 4500001001000000003000900010005001700019007000300036008004100039040002500080082001900105111010800124245004600232260007200278300002100350500002100371500005600392590002600448910000700474942001400481952010500495952011400600999001700714000038598DO-SdBNP20230207122204.0ta130416s1980 dr 000 0 spa d aDO-SdBNPbspacBNPHU 222axxxbS471d2 aSeminario sobre la Novela del Dictador en América Latinad(1980 : 2-4, octubrecSanto Domingo)96493413aEl dictador en la novela latinoamericana. aSanto Domingo :bVoluntariado del Museo de las Casas Reales,c1980. a152 p. ;c22 cm. aIncluye índice aPertenecio a la biblioteca de Gustavo A. Tavarez G. aInvenriado, 2023 / DG aDG 2ddccLBS1 0010718PDaPDbPDcCTd2013-04-16iLF1l0o p38598-10r2020-06-25w2020-06-25yLFPDZNo se presta 00102ddc51708PDaBNPHUbBNPHUcCTd2023-02-07l0oxxx S471dp2023-0731r2023-02-07te.2w2023-02-07yLBS1 c38088d38088